000 00403nam a2200157 4500
001 114003
003 ES-MaACL
005 20230906190044.0
007 t|
008 061121s1920 xxk r ||||1| eng d
100 1 _aNorris, Charles G.
_986000
245 1 0 _aSalt /
_cby Charles G. Norris.
260 _aLondon :
_bConstable & Co.,
_c1920.
300 _a425 p. ;
_c19 cm.
852 _aES-MaACL
_jF-12553
999 _c114003
_d114003